Beyond the lighthouse : English women novelists in the twentieth century /

Bibliographic Details
Main Author: Crosland, Margaret, 1920-
Format: Book
Language:English
Published: New York : Taplinger, 1981.
Subjects:

MARC

Tag First Indicator Second Indicator Subfields
LEADER 00000pam a2200000 a 4500
001 in00000073917
005 20151008054741.0
008 810415s1981 nyu b 00110 eng
010 |a  81005638  
020 |a 0800807340 :  |c $12.95 (est.) 
035 |a (OCoLC)07462883 
035 |9 AAJ1569AM 
039 0 |a 2  |b 3  |c 3  |d 3  |e 3 
040 |a DLC  |c DLC  |d TXA  |d UtOrBLW 
043 |a e-uk--- 
049 |a TXAM  |c [1672511] 
050 0 0 |a PR888.W62  |b C7 1981 
082 0 |a 823/.91/099287  |2 19 
100 1 |a Crosland, Margaret,  |d 1920- 
245 1 0 |a Beyond the lighthouse :  |b English women novelists in the twentieth century /  |c Margaret Crosland. 
264 1 |a New York :  |b Taplinger,  |c 1981. 
300 |a xi, 260 pages ;  |c 23 cm. 
336 |a text  |b txt  |2 rdacontent 
337 |a unmediated  |b n  |2 rdamedia 
338 |a volume  |b nc  |2 rdacarrier 
500 |a Includes index. 
504 |a Bibliography: pages [231]-252. 
650 0 |a English fiction  |y 20th century  |x History and criticism. 
650 0 |a English fiction  |x Women authors  |x History and criticism. 
999 |a MARS 
999 f f |s b729f6a3-db70-30d2-b03d-a75ab409cfda  |i 1267dcbb-3921-32fd-b610-3ee0f83b3fce  |t 0 
952 f f |p noncirc  |a Texas A&M University  |b College Station  |c Cushing Memorial Library & Archives  |d Cushing: Literature/Mitchell (Does not check out)  |t 0  |e PR888.W62 C7 1981  |h Library of Congress classification  |i unmediated -- volume  |m A1485325576D 
952 f f |p ric  |a Texas A&M University  |b Rellis Campus  |c Joint Library Facility  |d Remote Storage  |t 0  |e PR888.W62 C7 1981  |h Library of Congress classification  |i unmediated -- volume  |m A14806183502 
998 f f |a PR888.W62 C7 1981  |t 0  |l Cushing: Literature/Mitchell (Does not check out) 
998 f f |a PR888.W62 C7 1981  |t 0  |l Remote Storage